Normal view
MARC view
- Richard, P. George Alexander, L. Pugh
Entry Personal Name
001 - CONTROL NUMBER
- control field: 75088
003 - CONTROL NUMBER IDENTIFIER
- control field: NUST
005 - DATE AND TIME OF LATEST TRANSACTION
- control field: 20210628205343.0
008 - FIXED-LENGTH DATA ELEMENTS
- fixed length control field: 210628|| aca||aabn | a|a d
040 ## - CATALOGING SOURCE
- Original cataloging agency: NUST
- Transcribing agency: NUST
100 ## - HEADING--PERSONAL NAME
- Personal name: Richard, P. George Alexander, L. Pugh
670 ## - SOURCE DATA FOUND
- Source citation: Work cat.: (NUST): Richard, P. George Alexander, L. Pugh, Introduction to system dynamics modeling with dynamo, 1981
